Zaostřeno na Japonsko.

Hospodárska situácia Japonska a dôsledky recesie v súčasnom období. Odhady a predpovede vývoja ekonomiky Japonska podľa predpovede OECD a podľa japonských ekonómov. Hodnotenie vývoja investícií.

Salvato in:
Dettagli Bibliografici
Autore principale: Kozelková, E.
Natura: Capitolo di libro
Lingua:ceco
Soggetti:
Tags: Aggiungi Tag
Nessun Tag, puoi essere il primo ad aggiungerne!!

MARC

LEADER 00000naa a2200000 4500
001 r013052
005 20221213082750.3
041 0 |a cze 
044 |a CZ 
245 1 0 |a Zaostřeno na Japonsko.  |c E. Kozelková 
520 |a Hospodárska situácia Japonska a dôsledky recesie v súčasnom období. Odhady a predpovede vývoja ekonomiky Japonska podľa predpovede OECD a podľa japonských ekonómov. Hodnotenie vývoja investícií. 
610 2 0 |a situácia hospodárska 
610 2 0 |a Japonsko 
610 2 0 |a investície 
610 2 0 |a prognózy hospodárske 
100 1 |a Kozelková, E.